|
|
|
|
| LEADER |
00927cam a2200253 7i4500 |
| 001 |
0000036239 |
| 005 |
20200127090000.0 |
| 007 |
##ta |
| 008 |
200107s2019 sz a 000 0 eng d |
| 020 |
# |
# |
|a 9789211129533
|
| 040 |
# |
# |
|a MATR
|
| 090 |
0 |
0 |
|a I 382.091724005
|b TRA
|
| 245 |
0 |
0 |
|a TRADE AND DEVELOPMENT REPORT 2019 :
|b FINANCING A GLOBAL GREEN NEW DEAL
|c Report by the secretariat of the United Nations Conference on Trade and Development.
|
| 264 |
# |
1 |
|a Geneva:
|b United Nations,
|c 2019.
|
| 300 |
# |
# |
|a xiv, 173 pages:
|b illustrations;
|c 30 cm.
|
| 336 |
# |
# |
|a text
|2 rdacontent
|
| 337 |
# |
# |
|a unmediated
|2 rdamedia
|
| 338 |
# |
# |
|a volume
|2 rdacarrier
|
| 650 |
# |
0 |
|a International trade
|
| 650 |
# |
0 |
|a International economic relations
|
| 650 |
# |
0 |
|a Sustainable development
|
| 650 |
# |
0 |
|a Economic development.
|
| 710 |
2 |
# |
|a United Nations Conference on Trade and Development
|
| 999 |
|
|
|a 0000040861
|b Book
|c International
|e Business Information Centre
|